| 000 | 00000nam##2200000za#4500 |
| 001 | 9.610158 |
| 003 | CaOODSP |
| 005 | 20200327115447 |
| 007 | ta |
| 008 | 150406|1993||||xxc||||| f|0| 0 eng|d |
| 022 | |a0706-6457 |
| 040 | |aCaOODSP|beng |
| 043 | |an-cn--- |
| 086 | 1 |aFs97-6/1892E |
| 110 | 1 |aCanada. |bDepartment of Fisheries and Oceans. |
| 245 | 10|aSimulation model of Atlantic commercial fisheries: a Newfoundland region application / |cby Robert Nowak. |
| 260 | |aOttawa - Ontario : |bFisheries and Oceans Canada |
| 300 | |a29p. : |bfigs., tables ; |c28 cm. |
| 490 | 1 |aCanadian technical report of fisheries and aquatic sciences|x0706-6457|v1892 |
| 500 | |aPrepared in the Program Coordination and Economics Branch, Scotia-Fundy Region, Department of Fisheries and Oceans, P.O. Box 550, Halifax, Nova Scotia B3J 2S7. |
| 546 | |aRésumés en français |
| 563 | |aSoftcover |
| 690 | 07|aFisheries|2gcpds |
| 720 | 1 |aNowak, Robert |
| 776 | 0#|tSimulation model of Atlantic commercial fisheries : |w(CaOODSP)9.573855 |
| 830 | #0|aCanadian technical report of fisheries and aquatic sciences,|x0706-6457|v1892|w(CaOODSP)9.514691 |